<?xml version="1.0" encoding="UTF-8"?>
<record
    xmlns:xsi="http://www.w3.org/2001/XMLSchema-instance"
    xsi:schemaLocation="http://www.loc.gov/MARC21/slim http://www.loc.gov/standards/marcxml/schema/MARC21slim.xsd"
    xmlns="http://www.loc.gov/MARC21/slim">

  <leader>00839nam0a2200241   4500</leader>
  <controlfield tag="001">RU\NLR\BIBL_A\011334995</controlfield>
  <controlfield tag="005">20260407070201.0</controlfield>
  <datafield tag="035" ind1=" " ind2=" ">
    <subfield code="a">(NLR Aleph) 011334995</subfield>
  </datafield>
  <datafield tag="090" ind1=" " ind2=" ">
    <subfield code="a">11156181</subfield>
    <subfield code="c">11156181</subfield>
  </datafield>
  <datafield tag="100" ind1=" " ind2=" ">
    <subfield code="a">20170227d1960    |||y0rusy50      ca</subfield>
  </datafield>
  <datafield tag="101" ind1="0" ind2=" ">
    <subfield code="a">alt</subfield>
  </datafield>
  <datafield tag="102" ind1=" " ind2=" ">
    <subfield code="a">RU</subfield>
  </datafield>
  <datafield tag="105" ind1=" " ind2=" ">
    <subfield code="a">y   z   000 y</subfield>
  </datafield>
  <datafield tag="200" ind1="1" ind2=" ">
    <subfield code="a">&#x41E;&#x437;&#x43E;&#x447;&#x44B;&#x43B;&#x434;&#x430;&#x440;</subfield>
    <subfield code="f">[&#x440;&#x435;&#x434;. &#x41B;. &#x412;. &#x41A;&#x43E;&#x43A;&#x44B;&#x448;&#x435;&#x432;]</subfield>
  </datafield>
  <datafield tag="210" ind1=" " ind2=" ">
    <subfield code="a">&#x413;&#x43E;&#x440;&#x43D;&#x43E;-&#x410;&#x43B;&#x442;&#x430;&#x439;&#x441;&#x43A;</subfield>
    <subfield code="c">&#x422;&#x443;&#x443;&#x43B;&#x443; &#x410;&#x43B;&#x442;. &#x431;&#x438;&#x447;&#x438;&#x43A;&#x442;&#x435;&#x440; &#x447;&#x44B;&#x433;. &#x438;&#x437;&#x434;-&#x432;&#x43E;&#x437;&#x44B;</subfield>
    <subfield code="d">1960</subfield>
  </datafield>
  <datafield tag="215" ind1=" " ind2=" ">
    <subfield code="a">61,[2] &#x441;.</subfield>
    <subfield code="d">21</subfield>
  </datafield>
  <datafield tag="541" ind1="1" ind2=" ">
    <subfield code="a">&#x41F;&#x435;&#x440;&#x435;&#x434;&#x43E;&#x432;&#x438;&#x43A;&#x438;</subfield>
    <subfield code="z">rus</subfield>
  </datafield>
  <datafield tag="686" ind1="1" ind2=" ">
    <subfield code="a">&#x428;6(2=&#x410;&#x43B;&#x442;)7-46</subfield>
  </datafield>
  <datafield tag="702" ind1=" " ind2="1">
    <subfield code="4">340</subfield>
    <subfield code="8">rus</subfield>
    <subfield code="7">ca</subfield>
    <subfield code="a">&#x41A;&#x43E;&#x43A;&#x44B;&#x448;&#x435;&#x432;</subfield>
    <subfield code="b">&#x41B;. &#x412;.</subfield>
    <subfield code="g">&#x41B;&#x430;&#x437;&#x430;&#x440;&#x44C; &#x412;&#x430;&#x441;&#x438;&#x43B;&#x44C;&#x435;&#x432;&#x438;&#x447;</subfield>
    <subfield code="f">1933-1975</subfield>
    <subfield code="3">RU\NLR\auth-onl\77317</subfield>
    <subfield code="9">130375</subfield>
  </datafield>
  <datafield tag="852" ind1=" " ind2=" ">
    <subfield code="a">NLR</subfield>
    <subfield code="b">&#x41E;&#x41D;&#x41B;</subfield>
    <subfield code="j">&#x410;&#x43B;&#x442;./3-491</subfield>
  </datafield>
  <datafield tag="942" ind1=" " ind2=" ">
    <subfield code="c">BOOK</subfield>
  </datafield>
  <datafield tag="980" ind1=" " ind2=" ">
    <subfield code="a">NB</subfield>
  </datafield>
  <datafield tag="995" ind1=" " ind2=" ">
    <subfield code="5">2017-02-27</subfield>
    <subfield code="b">NLR01</subfield>
    <subfield code="c">NLR01</subfield>
    <subfield code="e">ONL</subfield>
    <subfield code="f">1-1444177</subfield>
    <subfield code="k">&#x41E;&#x41D;&#x41B; &#x410;&#x43B;&#x442;./3-491</subfield>
    <subfield code="o">0</subfield>
    <subfield code="r">BOOK</subfield>
    <subfield code="s">_3491</subfield>
  </datafield>
</record>
